| 000 -LEADER |
| fixed length control field |
00649nam a22002177a 4500 |
| 008 - FIXED-LENGTH DATA ELEMENTS--GENERAL INFORMATION |
| fixed length control field |
150520b xxu||||| |||| 00| 0 eng d |
| 020 ## - INTERNATIONAL STANDARD BOOK NUMBER |
| International Standard Book Number |
1416001417 |
| 041 0# - LANGUAGE CODE |
| Language code of text/sound track or separate title |
eng |
| 080 ## - UNIVERSAL DECIMAL CLASSIFICATION NUMBER |
| Universal Decimal Classification number |
618.2 |
| 100 ## - Rafti |
| Rafti |
Murray, Sharon Smith. |
| 245 00 - TITLE STATEMENT |
| Title |
Foundations of maternal-newborn nursing / |
| Statement of responsibility, etc |
Sharon Smith Murray, Emily Slone McKinney. |
| 250 ## - |
| -- |
Botimi katërt |
| 260 ## - |
| -- |
St. Louis, Mo. : |
| -- |
Elsevier Saunders, |
| -- |
c2006. |
| 300 ## - |
| -- |
1028 f |
| -- |
me il |
| -- |
27 cm |
| 505 ## - |
| -- |
Index:f. 981-1028 |
| 650 #0 - |
| -- |
Kujdes i materniteteve |
| 650 12 - |
| -- |
Kujdes i fëmijëve |
| 650 22 - |
| -- |
Shëndeti familjar |
| 700 1# - |
| -- |
McKinney, Emily Slone. |
| 942 ## - ADDED ENTRY ELEMENTS (KOHA) |
| Source of classification or shelving scheme |
|
| Item type |
Books |